Welcome to CU Library Online Public Access Catalogue (OPAC)

Medical and psychosocial aspects of chronic illness and disability / (Record no. 3461)

MARC details
000 -LEADER
fixed length control field 00936cam a22002894a 4500
001 - CONTROL NUMBER
control field 11780177
005 - DATE AND TIME OF LATEST TRANSACTION
control field 20250205165803.0
008 - FIXED-LENGTH DATA ELEMENTS--GENERAL INFORMATION
fixed length control field 990824s1999 mdu b 001 0 eng c
020 ## - INTERNATIONAL STANDARD BOOK NUMBER
International Standard Book Number 9780834211988
050 00 - LIBRARY OF CONGRESS CALL NUMBER
Classification number RC108
Item number .F35 1999
082 00 - DEWEY DECIMAL CLASSIFICATION NUMBER
Classification number 616/.044
Edition information 21
100 1# - MAIN ENTRY--PERSONAL NAME
Personal name Falvo, Donna R.
245 10 - TITLE STATEMENT
Title Medical and psychosocial aspects of chronic illness and disability /
Remainder of title Donna R. Falvo.
250 ## - EDITION STATEMENT
Edition statement 2nd ed.
260 ## - PUBLICATION, DISTRIBUTION, ETC.
Place of publication, distribution, etc. Gaithersburg, Md. :
Name of publisher, distributor, etc. Aspen Publishers,
Date of publication, distribution, etc. 1999.
300 ## - PHYSICAL DESCRIPTION
Extent xxi, 464 p. :
Other physical details ill. ;
Dimensions 26 cm.
650 #0 - SUBJECT ADDED ENTRY--TOPICAL TERM
Topical term or geographic name entry element Chronic diseases.
650 #0 - SUBJECT ADDED ENTRY--TOPICAL TERM
Topical term or geographic name entry element Chronically ill
General subdivision Rehabilitation.
650 #0 - SUBJECT ADDED ENTRY--TOPICAL TERM
Topical term or geographic name entry element Chronic diseases
General subdivision Social aspects.
650 #0 - SUBJECT ADDED ENTRY--TOPICAL TERM
Topical term or geographic name entry element Chronic diseases
General subdivision Psychological aspects.
650 #2 - SUBJECT ADDED ENTRY--TOPICAL TERM
Topical term or geographic name entry element Chronic Disease.
650 #2 - SUBJECT ADDED ENTRY--TOPICAL TERM
Topical term or geographic name entry element Chronic Disease
General subdivision psychology.
650 #2 - SUBJECT ADDED ENTRY--TOPICAL TERM
Topical term or geographic name entry element Chronic Disease
General subdivision rehabilitation.
650 #2 - SUBJECT ADDED ENTRY--TOPICAL TERM
Topical term or geographic name entry element Social Adjustment.
650 #2 - SUBJECT ADDED ENTRY--TOPICAL TERM
Topical term or geographic name entry element Disabled Persons.
942 ## - ADDED ENTRY ELEMENTS (KOHA)
Source of classification or shelving scheme Library of Congress Classification
Koha item type Books
Edition 2nd ed.
Suppress in OPAC No
999 ## -
-- 3461
-- 3461
Holdings
Withdrawn status Lost status Source of classification or shelving scheme Damaged status Not for loan Collection Home library Current library Shelving location Date acquired Total checkouts Full call number Barcode Date last seen Copy number Price effective from Koha item type
    Library of Congress Classification     Non-fiction Science Library (Miotso) Science Library (Miotso) General stacks 02/05/2025   RC108 .F35 FAL SLM00002858 02/05/2025 1 02/05/2025 Books
© 2023-2024 Copyright: Central University Libraries. All Rights Reserved | Created by: Mahone Tech Office